| 000 | 02020nam a2200421 c 4500 | ||
|---|---|---|---|
| 003 | BLK | ||
| 005 | 20250507112043.0 | ||
| 008 | 180408b bul|||||r ||||||| ||bul|| | ||
| 010 | _aKNG00084846000 | ||
| 020 |
_a978-954-340-103-1 _bиздат.: Ню медиа груп |
||
| 040 | _aBLK | ||
| 041 |
_aBUL _cBUL |
||
| 080 |
_aВътрешна политика. Вж и 329 _b323 _x(497.2)(092) _z323(497.2)(092) |
||
| 080 |
_aБанки. Банково дело - Банкови операции _b336.71 _x(497.2)(092) _z336.71(497.2)(092) |
||
| 080 |
_aСпециална част на наказателното право. Видове наказуеми действия - Срещу собствена или чужда държава и управлението, политически престъпления,геноцид(прав.аспекти), наркотрафик, против мира, обществен _b343.3/.7 _x(497.2)(092) _z343.3/.7(497.2)(092) |
||
| 080 |
_a _b929 Кюлев, Емил Александров _x _z929 Кюлев, Емил Александров |
||
| 139 |
_aЕмил Кюлев _bК 99 |
||
| 245 | 1 | 0 | _aЕмил Кюлев |
| 257 | _aBGR | ||
| 260 |
_аСофия _bНю медиа груп _c2008 _fСофия : Мултипринт |
||
| 300 |
_a109 с. _bсъс сн. _c20 см |
||
| 380 | _a3 | ||
| 490 | 1 |
_aКолекция Убитите босове _v4 |
|
| 600 | 1 | 4 |
_aКюлев, Емил Александров _9299626 |
| 650 | 4 |
_aФинансисти, български _9263969 |
|
| 650 | 4 |
_aПредприемачество _9167569 |
|
| 650 | 4 |
_aМафия - България _9250884 |
|
| 653 | _aбанкери | ||
| 653 | _aпредприемачество | ||
| 653 | _aбизнес поведение | ||
| 653 | _aЕмил Кюлев | ||
| 852 | _aЦб 240745 | ||
| 856 | 4 |
_qpdf _u |
|
| 856 | 4 |
_qpdf _u |
|
| 942 |
_cKNG _n0 _05 |
||
| 944 |
_aCR _c14.08.2008 _k30542 _lРусанова Ирена |
||
| 944 |
_aED _c29.04.2009 _k |
||
| 999 |
_c80361 _d80361 |
||